Statistics for Познай щатите и териториите в Австралия

Click here to take the quiz!

General Stats

  • This quiz has been taken 34 times
  • The average score is 5 of 8

Answers on the Map

Answers color-coded by a green-red scale on the quiz's map according to % correct below.
 

Answer Stats

Answer% Correct
Западна Австралия
94%
Тасмания
82%
Северна територия
71%
Столична територия
65%
Куинсланд
65%
Южна Австралия
65%
Нов Южен Уелс
47%
Виктория
41%

Score Distribution

Percentile by Number Answered

Percent of People with Each Score

Your Score History

You have not taken this quiz